Rural development (Record no. 80276)

MARC details
000 -LEADER
fixed length control field 01189nam a2200241 a 4500
008 - FIXED-LENGTH DATA ELEMENTS--GENERAL INFORMATION
fixed length control field 120416s1990 ||||||||||||||||| || u
020 ## - INTERNATIONAL STANDARD BOOK NUMBER
International Standard Book Number 0566070189
050 ## - LIBRARY OF CONGRESS CALL NUMBER
Classification number HD 596 Rur
100 ## - MAIN ENTRY--PERSONAL NAME
Personal name Buller, Henry
245 10 - TITLE STATEMENT
Title Rural development
Statement of responsibility, etc. edited by Henry Buller
246 ## -
-- problems and practices
260 ## - PUBLICATION, DISTRIBUTION, ETC.
Place of publication, distribution, etc. Aldershot
Name of publisher, distributor, etc. Avebury
Date of publication, distribution, etc. 1990
300 ## - PHYSICAL DESCRIPTION
Extent vii, 249p. : ill.
350 ## -
-- 0.00
500 ## - GENERAL NOTE
General note Includes bibliographical references.
650 ## - SUBJECT ADDED ENTRY--TOPICAL TERM
Topical term or geographic name entry element LAND
650 ## - SUBJECT ADDED ENTRY--TOPICAL TERM
Topical term or geographic name entry element RURAL DEVELOPMENT--GREAT BRITAIN
700 ## - ADDED ENTRY--PERSONAL NAME
Personal name Wright, Susan, B.A
995 ## -
-- ANNEX COLLECTION (Main Library)
-- 0.00
-- 724959
-- CBU-MAIN LIBRARY (Kitwe)
-- 1
-- 35.00
-- HD 596 Rur
-- 3
-- AVAILABLE
-- 004750
-- Annex Low-Usage Collection
995 ## -
-- MAIN LIBRARY OPEN ACCESS
-- 0.00
-- 724957
-- CBU-MAIN LIBRARY (Kitwe)
-- 4
-- 35.00
-- HD 596 Rur
-- 4
-- AVAILABLE
-- 004751
-- Main Library Open Access Collection
995 ## -
-- ANNEX COLLECTION (Main Library)
-- 0.00
-- 724956
-- CBU-MAIN LIBRARY (Kitwe)
-- 3
-- 35.00
-- HD 596 Rur
-- 1
-- AVAILABLE
-- 004748
-- Annex Low-Usage Collection
995 ## -
-- MAIN LIBRARY OPEN ACCESS
-- 0.00
-- 724958
-- CBU-MAIN LIBRARY (Kitwe)
-- 2
-- 35.00
-- HD 596 Rur
-- 2
-- AVAILABLE
-- 004749
-- Main Library Open Access Collection
999 ## -
-- 80276
-- 80276
Holdings
Withdrawn status Lost status Source of classification or shelving scheme Damaged status Not for loan Permanent Location Current Location Shelving location Date acquired Total Checkouts Full call number Barcode Date last seen Copy number Price effective from Koha item type
          CBU-MAIN LIBRARY, KITWE. CBU-MAIN LIBRARY, KITWE.   06/29/2023   HD 596 Rur 004750 06/29/2023 1 06/29/2023 MONOGRAPH
          CBU-MAIN LIBRARY, KITWE. CBU-MAIN LIBRARY, KITWE.   06/29/2023   HD 596 Rur 004751 06/29/2023 2 06/29/2023 MONOGRAPH
Withdrawn         CBU-MAIN LIBRARY, KITWE. CBU-MAIN LIBRARY, KITWE.   06/29/2023   HD 596 Rur 004748 06/29/2023 3 06/29/2023 MONOGRAPH
          CBU-MAIN LIBRARY, KITWE. CBU-MAIN LIBRARY, KITWE.   06/29/2023   HD 596 Rur 004749 06/29/2023 4 06/29/2023 MONOGRAPH